Представление документа в формате RUSMARC

ПолеНазваниеЗначение
  Тип записи a
  Библиографический уровень m
001 Контрольный номер 5311698ad0ab40e3b20a966d21d15a31
005 Дата корректировки 20140602123205.3
010 Индекс ISBN __
a ISBN 5-365-00601-1
101 Язык документа 0_
a Язык текста rus
102 Страна публикации __
a Страна публикации RU
200 Заглавие и сведения об ответственности 1_
a Заглавие Международные стандарты финансовой отчетности
e Сведения, относящиеся к заглавию учеб. пособие для вузов
f Первые сведения об ответственности Ю. И. Проскуровская
210 Выходные данные 1_
c Издательство Омега-Л
a Место издания Москва
d Дата издания 2007
215 Физическое описание __
a Объем 280, [8] с.
225 Серия 2_
a Серия Библиотека высшей школы
610 Ключевые слова 0_
a Ключевые слова международные стандарты финансовой отчетности
610 Ключевые слова 0_
a Ключевые слова бухгалтерский учет
610 Ключевые слова 0_
a Ключевые слова финансовая отчетность
610 Ключевые слова 0_
a Ключевые слова МСФО
610 Ключевые слова 0_
a Ключевые слова методики трансформации российской отчетности
610 Ключевые слова 0_
a Ключевые слова активы
610 Ключевые слова 0_
a Ключевые слова аренда
610 Ключевые слова 0_
a Ключевые слова лизинг
610 Ключевые слова 0_
a Ключевые слова финансовые инструменты
610 Ключевые слова 0_
a Ключевые слова иностранная валюта
610 Ключевые слова 0_
a Ключевые слова инвестиции
610 Ключевые слова 0_
a Ключевые слова доходы
610 Ключевые слова 0_
a Ключевые слова расходы
610 Ключевые слова 0_
a Ключевые слова финансовые результаты
610 Ключевые слова 0_
a Ключевые слова гиперинфляционная экономика
686 Индексы других классификаций __
a Классификационный индекс 65.052.8я73
2 Код системы rubbk
686 Индексы других классификаций __
a Классификационный индекс 65.052.9(2)2я73
2 Код системы rubbk
686 Индексы других классификаций __
a Классификационный индекс 65.052.9(2)206я73
2 Код системы rubbk
700 Автор _1
a Фамилия Проскуровская
b Имя Ю. И.
g Полное личное имя Юлиана Израильевна
801 Источник записи _0
a Страна RU
b Организация РУК
c Дата составления 20071030
g Правила каталогизации PSBO
801 Источник записи _1
a Страна RU
b Организация РУК
c Дата составления 20071030
g Правила каталогизации PSBO
852 Данные о местонахождении __
j Шифр хранения ББК 65.052
i Авторский знак П 82
901 Тип документа __
t Тип документа m
938 Служебная информация __
a Название организации Головной вуз
b Имя БД BOOK
c Название АИБС АИБС ИРБИС